<?xml version="1.0" encoding="UTF-8"?><?xml-stylesheet type="text/xsl" href="static/style.xsl"?><OAI-PMH xmlns="http://www.openarchives.org/OAI/2.0/" xmlns:xsi="http://www.w3.org/2001/XMLSchema-instance" xsi:schemaLocation="http://www.openarchives.org/OAI/2.0/ http://www.openarchives.org/OAI/2.0/OAI-PMH.xsd"><responseDate>2026-04-17T05:20:14Z</responseDate><request verb="GetRecord" identifier="oai:www.recercat.cat:2445/155938" metadataPrefix="marc">https://recercat.cat/oai/request</request><GetRecord><record><header><identifier>oai:recercat.cat:2445/155938</identifier><datestamp>2026-03-01T00:34:43Z</datestamp><setSpec>com_2072_1057</setSpec><setSpec>col_2072_478917</setSpec><setSpec>col_2072_478923</setSpec></header><metadata><record xmlns="http://www.loc.gov/MARC21/slim" xmlns:dcterms="http://purl.org/dc/terms/" xmlns:xsi="http://www.w3.org/2001/XMLSchema-instance" xmlns:doc="http://www.lyncode.com/xoai" xsi:schemaLocation="http://www.loc.gov/MARC21/slim http://www.loc.gov/standards/marcxml/schema/MARC21slim.xsd">
   <leader>00925njm 22002777a 4500</leader>
   <datafield ind2=" " ind1=" " tag="042">
      <subfield code="a">dc</subfield>
   </datafield>
   <datafield ind2=" " ind1=" " tag="720">
      <subfield code="a">Melgarejo i Draper, Joan-Carles</subfield>
      <subfield code="e">author</subfield>
   </datafield>
   <datafield ind2=" " ind1=" " tag="720">
      <subfield code="a">Proenza Fernández, Joaquín Antonio</subfield>
      <subfield code="e">author</subfield>
   </datafield>
   <datafield ind2=" " ind1=" " tag="720">
      <subfield code="a">Galí Medina, Salvador, 1949-</subfield>
      <subfield code="e">author</subfield>
   </datafield>
   <datafield ind2=" " ind1=" " tag="720">
      <subfield code="a">Llovet Ximenes, Xavier</subfield>
      <subfield code="e">author</subfield>
   </datafield>
   <datafield ind2=" " ind1=" " tag="260">
      <subfield code="c">2020-04-20T08:03:26Z</subfield>
   </datafield>
   <datafield ind2=" " ind1=" " tag="260">
      <subfield code="c">2020-04-20T08:03:26Z</subfield>
   </datafield>
   <datafield ind2=" " ind1=" " tag="260">
      <subfield code="c">2010-04</subfield>
   </datafield>
   <datafield ind2=" " ind1=" " tag="260">
      <subfield code="c">2020-04-20T08:03:26Z</subfield>
   </datafield>
   <datafield ind2=" " ind1=" " tag="520">
      <subfield code="a">En este trabajo se presenta una síntesis de las técnicas analíticas más utilizadas en la caracterización mineral, y su aplicación a la exploración y explotación minera. Las técnicas han sido clasificadas en 2 grupos. El primer grupo incluye a las técnicas de mayor uso ("técnicas convencionales"): (i) difracción de polvo de rayos X y difracción cuantitativa de rayos X, (ii) Microscopio electrónico de barrido con analizador de energías (SEM-EDS), (iii) catodoluminiscencia, y iv) microsonda electrónica (EMPA). El segundo grupo abarca un grupo de técnicas menos accesible, y mucho más caras, ("técnicas no convencionales"): (i) Particle Induced X-Ray Emission(Micro-PIXE), (ii) Secondary Ion Mass Spectrometry (SIMS, (iii) Laser-Ablation-Inductively Coupled Plasma-Mass Spectrometry (LAICP-MS). La mayor parte de la compilación esta dedicada a las técnicas convencionales (DRX, SEM-EDS y EMP), las cuales pueden ser de mayor impacto en el campo de la pequeña minería</subfield>
   </datafield>
   <datafield tag="653" ind2=" " ind1=" ">
      <subfield code="a">Minerals</subfield>
   </datafield>
   <datafield tag="653" ind2=" " ind1=" ">
      <subfield code="a">Metodologia</subfield>
   </datafield>
   <datafield tag="653" ind2=" " ind1=" ">
      <subfield code="a">Microscòpia electrònica</subfield>
   </datafield>
   <datafield tag="653" ind2=" " ind1=" ">
      <subfield code="a">Indústria minera</subfield>
   </datafield>
   <datafield tag="653" ind2=" " ind1=" ">
      <subfield code="a">Minerals</subfield>
   </datafield>
   <datafield tag="653" ind2=" " ind1=" ">
      <subfield code="a">Methodology</subfield>
   </datafield>
   <datafield tag="653" ind2=" " ind1=" ">
      <subfield code="a">Electron microscopy</subfield>
   </datafield>
   <datafield tag="653" ind2=" " ind1=" ">
      <subfield code="a">Mineral industries</subfield>
   </datafield>
   <datafield ind2="0" ind1="0" tag="245">
      <subfield code="a">Técnicas de caracterización mineral y su aplicación en exploración minera</subfield>
   </datafield>
</record></metadata></record></GetRecord></OAI-PMH>